000 00677nam a2200229 i 4500
001 82164
003 ES-MaACL
005 20230906174622.0
007 t|
008 041126s1999 sp ||||1| spa d
020 _a84-8109-239-8
080 _a001:1
080 _a165
100 1 _aWilson, Edward Osborne.
_9117025
245 1 0 _aConsilience :
_bla unidad del conocimiento /
_cEdward O. Wilson ; traducción de Joandomènec Ros.
260 _aBarcelona :
_bGalaxia Gutenberg,
_c1999.
300 _a484 p. ;
_c21 cm.
650 4 _aCiencia-
_xFilosofía.
_910950
650 4 _aEpistemología.
_912338
700 1 _aRos, Joandomènec.
_999576
852 4 _aES-MaACL
_jE-10514
999 _c82164
_d82164